| 000 | 00968nam a2200241 4500 | ||
|---|---|---|---|
| 003 | EG-ScBUE | ||
| 005 | 20211010111549.0 | ||
| 008 | 211005s2005 ts a f 000 0 ara d | ||
| 040 |
_aEG-ScBUE _bara _erda _cEG-ScBUE _dEG-ScBUE |
||
| 043 | _ama----- | ||
| 082 | 0 | 4 |
_a338.4766570956 _bف ا ر _222 |
| 100 | 1 |
_aفاروق، عبد الخالق، _d1957- _eمؤلف. |
|
| 245 | 1 | 2 |
_aالغاز الطبيعي .. ومستقبل التعاون العربي / _cعبد الخالق فاروق. |
| 264 | 1 |
_aأبو ظبي : _bمكتب نائب رئيس مجلس الوزراء لشؤون الإعلام، _c2005. |
|
| 300 |
_a66 صفحة : _bجداول ؛ _c24 سم |
||
| 336 |
_2rdacontent _aنص _btxt |
||
| 337 |
_2rdamedia _aبدون وسيط _bn |
||
| 338 |
_2rdacarrier _aمجلد _bnc |
||
| 650 | 7 |
_aالغاز الطبيعي _xاقتصاديات _zالدول العربية. _2BUEsh |
|
| 653 |
_bBUSECO _cOctober2021 |
||
| 655 |
_vReading book _934232 |
||
| 942 | _2ddc | ||
| 999 |
_c29561 _d29532 |
||